000 00456 a2200169 4500
005 20250618162110.0
020 _a978-0-07-338135-0
082 _a158.4 MAN
100 _aMANNING, G.
245 _aThe Art Of Leadership.
250 _a3rd Ed.
260 _aNew York,
_bMcGraw-Hill,
_c2009.
300 _axvii,454p.: ill.; figure.
_bGlossary & Index.
_c27cm.
700 _aKENT,C.
856 _yOnline Access Book
_fLeadership
_dwww.mhhe.com
942 _2ddc
_cBKS
999 _c229
_d229